The papers of George Ekem Ferguson : a Fanti official of the government of the Gold Coast, 1890-1897 /

Saved in:
Bibliographic Details
Main Author: Ferguson, George Ekem, 1865-1897
Other Authors: Arhin, Kwame
Format: Book
Language:English
Published: Leiden : Afrika-Studiecentrum, 1974.
Series:African social research documents ; v. 7
Subjects:
LEADER 01025nam a2200241 i 4500
001 c000130283
003 CARM
005 00000000000000.0
008 850214s1974 ne 0 eng d
019 1 |a 10227417  |5 LACONCORD2021 
020 |a 90701100075 
035 |a (OCoLC)16435303  |5 LACONCORD2021 
100 1 |a Ferguson, George Ekem,  |d 1865-1897. 
245 1 0 |a The papers of George Ekem Ferguson :  |b a Fanti official of the government of the Gold Coast, 1890-1897 /  |c edited with introduction and notes by Kwame Arhin. 
260 |a Leiden :  |b Afrika-Studiecentrum,  |c 1974. 
300 |a 180 p. :  |b ill. 
440 0 |a African social research documents ;  |v v. 7 
500 |a Bibliography: p. 167-171. 
651 0 |a Ghana  |x Politics and government  |y To 1957  |x Sources. 
700 1 |a Arhin, Kwame. 
852 8 |b CARM  |h A2:AF21C0  |i B01292  |p 0063027  |f BK 
999 f f |i 6809eba9-bf00-5d3e-a950-e17c44bdfaa3  |s 25900bc1-36e6-5362-a7af-daaca791dd17 
952 f f |p Can circulate  |a CAVAL  |b CAVAL  |c CAVAL  |d CARM 1 Store  |e B01292  |f A2:AF21C0  |h Other scheme  |i book  |m 0063027